000 00597nam a2200181Ia 4500
003 GCL
008 140319s9999 xx 000 0 ara d
040 _aGCL /
_cGCL
082 0 4 _a953.08
_bح ا
100 1 _aحياة ناصر الحجى
245 1 0 _aانماط من الحياة السياسية والاقتصادية والاجتماعية فى سلطنة المماليك /
_cحياة ناصر الحجى
300 _a260 ص
490 _a100 قصة
_v0
650 0 4 _aالعصر المملوكى
650 0 4 _aالمماليك
650 0 4 _aالعصور الوسطى
942 _2ddc
_cBK
999 _c43908
_d43908